000 00989cam a22003137a 4500
003 CHAP
005 20220329133658.0
008 971013s1993 r 00010 d
010 _a9391
011 _a10363
035 _a9600
040 _cCHAP
082 _a320
_bR4
100 0 0 _aRebolledo, Juan.
_994968
245 1 3 _aLa reforma del Estado en México
260 _aMéxico, D.F. :
_bFondo de Cultura Económica,
_c1993
300 _a272 p.
490 4 _aUna visión de la modernización de México
590 _aBATCH-UPD
_b10
_c20130110
_lUCH01
_h1741
590 _aBATCH-UPD
_b10
_c20130410
_lUCH01
_h1120
590 _aBATCH-UPD
_b10
_c20130914
_lUCH01
_h0936
590 _aCONVERSION
_b10
_c20130109
_lUCH01
_h1306
650 1 4 _aCiencias políticas.
_923206
650 1 4 _aEstado, El.
_938240
830 4 _aUna visión de la modernización de México
_9116089
901 _aBK
942 _cLIBRO
949 _a320 R4
_bBC
_cLIBRO
_d33724000303632
_eLIBRO
_gI.c/e
_h85977
_i9600
_si
_t28.00
999 _c9391
_d9391